000 00957nas a2200253 454500
001 26409
005 20260407193507.0
008 260407s1992####ag###########|||spa#d
003 AR-UNSa-BCEJYS
040 _aAR-UNSa-BCEJYS
_bspa
_cAR-UNSa-BCEJYS
080 _a658.15
_xAdministración financiera privada. Gestión financiera de empresas
245 1 0 _aCuadernos de finanzas
_pdocumentos de trabajo de SADAF
264 1 _aMendoza :
_bUniversidad Nacional de Cuyo. Facultad de Ciencias Económicas
_c1992
310 _aFrecuencia: Irregular
041 _aspa
942 _cSER
590 _aniveau_biblio:s niveau_hierar:1
100 1 _aSociedad Argentina Docentes en Administración Financiera (SADAF)
650 _aADMINISTRACION FINANCIERA
650 _aFinanzas
650 _aINVERSIONES
650 _aFINANCIACION DE LA EMPRESA
856 4 1 _uhttps://biblioeco.unsa.edu.ar/pmb/images/revistas/Cuadernos de finanzas.jpg
_yImagen de portada
_qimage/jpeg
999 _c8606
_d8606